000 00348nam a2200145 i 4500
001 bg
100 1 _aJOPA, Jerzy
245 0 _aRepublika Wenezueli /
_cJerzy Jopa, Stanisław Milcarz.
260 _aWarszawa,
_c1978.
700 1 _aMILCARZ, Stanisław
040 _cBPK
041 _apol
942 _cKS
008 s pl f |000 0 pol
999 _c9723
_d9723
856 _uhttp://koha.tu.koszalin.pl/cgi-bin/koha/opac-detail.pl?biblionumber=9723
_yKatalog online BPK